Up before daybreak : (Record no. 3196)

MARC details
000 -LEADER
fixed length control field 02025cam a2200457 a 4500
001 - CONTROL NUMBER
control field 3196
003 - CONTROL NUMBER IDENTIFIER
control field FISKH
005 - DATE AND TIME OF LATEST TRANSACTION
control field 20240219141936.0
008 - FIXED-LENGTH DATA ELEMENTS--GENERAL INFORMATION
fixed length control field 050322s2006 nyua j b 001 0deng
010 ## - LIBRARY OF CONGRESS CONTROL NUMBER
LC control number 2005008128
020 ## - INTERNATIONAL STANDARD BOOK NUMBER
International Standard Book Number 0439639018 (hardcover) :
020 ## - INTERNATIONAL STANDARD BOOK NUMBER
International Standard Book Number 9780439639019
020 ## - INTERNATIONAL STANDARD BOOK NUMBER
International Standard Book Number 9780545019903
035 ## - SYSTEM CONTROL NUMBER
System control number (OCoLC)ocm58729842
037 ## - SOURCE OF ACQUISITION
Source of stock number/acquisition Junior Library Guild
Note http://www.juniorlibraryguild.com
040 ## - CATALOGING SOURCE
Original cataloging agency DLC
Transcribing agency DLC
Modifying agency IG#
-- BAKER
-- OCO
-- TEF
-- AJP
-- DLC
Language of cataloging eng
043 ## - GEOGRAPHIC AREA CODE
Geographic area code n-us---
050 00 - LIBRARY OF CONGRESS CALL NUMBER
Classification number HD8039.C662
Item number U645 2006
082 00 - DEWEY DECIMAL CLASSIFICATION NUMBER
Classification number 331.7/63351/0973
Edition number 22
100 1# - MAIN ENTRY--PERSONAL NAME
Personal name Hopkinson, Deborah.
245 10 - TITLE STATEMENT
Title Up before daybreak :
Remainder of title cotton and people in America /
Statement of responsibility, etc. Deborah Hopkinson.
250 ## - EDITION STATEMENT
Edition statement First Scholastic paperback printing, October 2007
260 ## - PUBLICATION, DISTRIBUTION, ETC.
Place of publication, distribution, etc. New York :
Name of publisher, distributor, etc. Scholastic Nonfiction,
Date of publication, distribution, etc. 2006
300 ## - PHYSICAL DESCRIPTION
Extent 120 pages :
Other physical details illustrations ;
Dimensions 22 cm
504 ## - BIBLIOGRAPHY, ETC. NOTE
Bibliography, etc. note Includes bibliographical references (p. 105-114) and index.
505 0# - FORMATTED CONTENTS NOTE
Formatted contents note A shoeful of cotton seeds -- Up before daybreak -- Mountains of cotton -- At the clang of a bell -- From can to can't -- They called us lintheads -- Cotton pickers -- Mill workers.
520 ## - SUMMARY, ETC.
Summary, etc. Read about the importance of cotton in America's history and learn about the lives of people who picked it and worked with it.
650 #0 - SUBJECT ADDED ENTRY--TOPICAL TERM
Topical term or geographic name entry element Cotton picking
General subdivision Social aspects
Geographic subdivision United States
General subdivision History
Form subdivision Juvenile literature.
650 #0 - SUBJECT ADDED ENTRY--TOPICAL TERM
Topical term or geographic name entry element Cotton growing
General subdivision Social aspects
Geographic subdivision United States
General subdivision History
Form subdivision Juvenile literature.
650 #0 - SUBJECT ADDED ENTRY--TOPICAL TERM
Topical term or geographic name entry element Cotton trade
General subdivision Social aspects
Geographic subdivision United States
General subdivision History
Form subdivision Juvenile literature.
650 #0 - SUBJECT ADDED ENTRY--TOPICAL TERM
Topical term or geographic name entry element Enslaved persons
Geographic subdivision United States
Form subdivision Biography
-- Juvenile literature.
650 #0 - SUBJECT ADDED ENTRY--TOPICAL TERM
Topical term or geographic name entry element Cotton farmers
Geographic subdivision United States
Form subdivision Biography
-- Juvenile literature.
650 #0 - SUBJECT ADDED ENTRY--TOPICAL TERM
Topical term or geographic name entry element Slavery
Geographic subdivision United States
Form subdivision Juvenile literature.
650 #1 - SUBJECT ADDED ENTRY--TOPICAL TERM
Topical term or geographic name entry element Cotton picking.
650 #1 - SUBJECT ADDED ENTRY--TOPICAL TERM
Topical term or geographic name entry element Cotton growing.
650 #1 - SUBJECT ADDED ENTRY--TOPICAL TERM
Topical term or geographic name entry element Cotton trade.
650 #1 - SUBJECT ADDED ENTRY--TOPICAL TERM
Topical term or geographic name entry element Slaves
Form subdivision Biography.
650 #1 - SUBJECT ADDED ENTRY--TOPICAL TERM
Topical term or geographic name entry element Slavery.
906 ## - LOCAL DATA ELEMENT F, LDF (RLIN)
a 7
b cbc
c orignew
d 1
e ecip
f 20
g y-gencatlg
942 ## - ADDED ENTRY ELEMENTS (KOHA)
Source of classification or shelving scheme Dewey Decimal Classification
Koha item type Books
Suppress in OPAC No
Holdings
Withdrawn status Lost status Source of classification or shelving scheme Damaged status Not for loan Collection Home library Current library Shelving location Date acquired Total Checkouts Full call number Barcode Date last seen Copy number Price effective from Koha item type
    Dewey Decimal Classification     Non-Fiction Footprints International School Library Network Toul Kork Campus Footprints International School Library Network Toul Kork Campus   02/19/2024   HOP 331.7 HD8039.C662 FISSE00607 02/19/2024 1 02/19/2024 Books
    Dewey Decimal Classification     Non-Fiction Footprints International School Library Network Toul Kork Campus Footprints International School Library Network Toul Kork Campus   02/19/2024   HOP 331.7 HD8039.C662 FISSE00605 02/19/2024 2 02/19/2024 Books
    Dewey Decimal Classification     Non-Fiction Footprints International School Library Network Toul Kork Campus Footprints International School Library Network Toul Kork Campus   02/19/2024   HOP 331.7 HD8039.C662 FISSE00606 02/19/2024 3 02/19/2024 Books
    Dewey Decimal Classification     Non-Fiction Footprints International School Library Network Toul Kork Campus Footprints International School Library Network Toul Kork Campus TTP Secondary Non-Fiction Bookshelves 03/05/2024   HOP HD8039.C662 331.7 2024-0211 03/05/2024 4 03/05/2024 Books
    Dewey Decimal Classification     Non-Fiction Footprints International School Library Network Toul Kork Campus Footprints International School Library Network Toul Kork Campus TTP Secondary Non-Fiction Bookshelves 03/05/2024   HOP HD8039.C662 331.7 2024-0212 03/05/2024 5 03/05/2024 Books